[Event "GER-chT U14 Girls"]
[Site "Magdeburg"]
[Date "2015.12.28"]
[Round "3.3"]
[White "Held, Fabienne"]
[Black "Bashylina, Luisa"]
[Result "0-1"]
[WhiteElo "1157"]
[BlackElo "1231"]
[PlyCount "80"]
[EventDate "2015.12.27"]
[EventType "team-swiss"]
[EventRounds "7"]
[EventCountry "GER"]
[SourceTitle "EXT 2017"]
[Source "ChessBase"]
[SourceDate "2016.10.25"]
[SourceVersion "1"]
[SourceVersionDate "2016.10.25"]
[SourceQuality "1"]
[WhiteTeam "Neumarkt"]
[BlackTeam "Solingen SG"]
[WhiteTeamCountry "GER"]
[BlackTeamCountry "GER"]

1. e4 e5 2. Nf3 d6 3. h3 Be7 4. Nc3 Nf6 5. Bc4 0-0 6. d3 h6 7. Be3 Nc6 8. Qe2 a6 9. 0-0 Be6 10. Bb3 Bxb3 11. axb3 Nh7 12. Nd5 f5 13. Bd2 Nf6 14. Nxe7+ Nxe7 15. Nh2 fxe4 16. dxe4 Qe8 17. Qf3 Qg6 18. Rfe1 Rf7 19. Ng4 Raf8 20. Qg3 Nxe4 21. Qe3 Ng5 22. Re2 Nf5 23. Qd3 e4 24. Qd5 h5 25. Ne3 Nxh3+ 26. Kf1 Ng3+ 27. Ke1 Nxe2 28. Kxe2 c6 29. Qd4 Rxf2+ 30. Kd1 Rf1+ 31. Nxf1 Qg4+ 32. Ke1 Qxg2 33. Qc4+ d5 34. Qe2 Rf2 35. Qxf2 Qxf2+ 36. Kd1 Qxf1+ 37. Be1 Nf4 38. c4 Qe2+ 39. Kc1 Nd3+ 40. Kb1 Qxb2# 0-1

[Event "GER-chT U14 Girls"]
[Site "Magdeburg"]
[Date "2015.12.27"]
[Round "2.3"]
[White "Kessen, Fanny"]
[Black "Held, Fabienne"]
[Result "0-1"]
[WhiteElo "860"]
[BlackElo "1157"]
[PlyCount "97"]
[EventDate "2015.12.27"]
[EventType "team-swiss"]
[EventRounds "7"]
[EventCountry "GER"]
[SourceTitle "EXT 2017"]
[Source "ChessBase"]
[SourceDate "2016.10.25"]
[SourceVersion "1"]
[SourceVersionDate "2016.10.25"]
[SourceQuality "1"]
[WhiteTeam "Berlin Schachunion"]
[BlackTeam "Neumarkt"]
[WhiteTeamCountry "GER"]
[BlackTeamCountry "GER"]

1. e4 e5 2. Nf3 Nc6 3. Bc4 Bc5 4. d3 h6 5. c3 d6 6. 0-0 Bg4 7. h3 Bh5 8. Re1 Nge7 9. Nbd2 Ng6 10. Nf1 Qf6 11. Ng3 Bxf3 12. Qxf3 Qxf3 13. gxf3 Nf4 14. Bxf4 exf4 15. Nf5 g6 16. Ng7+ Kf8 17. d4 Bb6 18. d5 Ne7 19. Nf5 gxf5 20. exf5 Nxf5 21. Re2 Rg8+ 22. Kh2 Nh4 23. Re4 Nxf3+ 24. Kh1 Bxf2 25. Rxf4 Rg3 26. Be2 Ng5 27. Rxf2 Re8 28. Bh5 Rxh3+ 29. Kg2 Rxh5 30. Rf5 Re2+ 31. Kg3 Ne4+ 32. Kg4 Rxf5 33. Kxf5 h5 34. Rh1 Ng3+ 35. Kf4 Nxh1 36. Kf3 Rxb2 37. a4 h4 38. Kg4 Rh2 39. Kf3 h3 40. c4 Nf2 41. Kg3 Rg2+ 42. Kf3 h2 43. Kxg2 h1Q+ 44. Kxf2 Qh4+ 45. Kf3 Kg7 46. a5 Kg6 47. a6 bxa6 48. Ke3 Qxc4 49. Kf3 0-1

[Event "GER-chT U14 Girls"]
[Site "Regensburg"]
[Date "2014.12.27"]
[Round "1.4"]
[White "Held, Fabienne"]
[Black "Sokolowski, Judith"]
[Result "1-0"]
[WhiteElo "1058"]
[BlackElo "1043"]
[PlyCount "63"]
[EventDate "2014.12.27"]
[EventType "team-swiss"]
[EventRounds "7"]
[EventCountry "GER"]
[SourceTitle "EXT 2016"]
[Source "ChessBase"]
[SourceDate "2015.10.08"]
[SourceVersion "1"]
[SourceVersionDate "2015.10.08"]
[SourceQuality "1"]
[WhiteTeam "Neumarkt"]
[BlackTeam "Duesseldorf"]
[WhiteTeamCountry "GER"]
[BlackTeamCountry "GER"]

1. e4 e5 2. Nf3 d6 3. Bc4 Be7 4. d3 Nf6 5. Be3 c6 6. Nc3 d5 7. exd5 cxd5 8. Bb5+ Bd7 9. Bxd7+ Nbxd7 10. d4 e4 11. Nd2 0-0 12. f3 Bb4 13. fxe4 dxe4 14. 0-0 Bxc3 15. bxc3 Re8 16. Qe1 b5 17. Qg3 g6 18. Qh4 Qb6 19. Bg5 Nd5 20. Nxe4 Rac8 21. Bf6 N7xf6 22. Nxf6+ Nxf6 23. Rxf6 Re6 24. Raf1 Rcc6 25. Rxf7 h5 26. Rf8+ Kg7 27. R1f7+ Kh6 28. Qf4+ g5 29. Qf3 Kg6 30. Rg8+ Kh6 31. Rh8+ Kg6 32. Qxh5# 1-0

[Event "GER-chT U14 Girls"]
[Site "Magdeburg"]
[Date "2013.12.28"]
[Round "4.4"]
[White "Christiansen, Sarah"]
[Black "Held, Fabienne"]
[Result "1/2-1/2"]
[WhiteElo "1085"]
[BlackElo "882"]
[PlyCount "59"]
[EventDate "2013.12.27"]
[EventType "team-swiss"]
[EventRounds "4"]
[EventCountry "GER"]
[SourceTitle "EXT 2015"]
[Source "ChessBase"]
[SourceDate "2014.11.20"]
[SourceVersion "1"]
[SourceVersionDate "2014.11.20"]
[SourceQuality "1"]
[WhiteTeam "Schachelschweine"]
[BlackTeam "Neumarkt"]
[WhiteTeamCountry "GER"]
[BlackTeamCountry "GER"]

1. e4 e5 2. Nf3 Nc6 3. Bc4 Nf6 4. d3 Bc5 5. Bg5 d6 6. 0-0 0-0 7. Nc3 h6 8. Be3 Bb6 9. h3 Be6 10. Bb3 Qd7 11. Re1 Rae8 12. a3 Qe7 13. Ba2 Bxa2 14. Rxa2 Qe6 15. Ra1 d5 16. exd5 Nxd5 17. Nxd5 Qxd5 18. Rc1 Ne7 19. c4 Qe6 20. d4 e4 21. c5 Ba5 22. b4 exf3 23. Qxf3 Bxb4 24. axb4 Ng6 25. Qxb7 c6 26. Rcd1 Nh4 27. d5 Qg6 28. Kf1 Qxg2+ 29. Ke2 Qf3+ 30. Kd2 1/2-1/2

[Event "GER-chT U14 Girls"]
[Site "Magdeburg"]
[Date "2012.12.30"]
[Round "7.4"]
[White "Held, Fabienne"]
[Black "Schuette, Lea"]
[Result "1-0"]
[WhiteElo "766"]
[BlackElo "798"]
[PlyCount "57"]
[EventDate "2012.12.27"]
[EventType "team-swiss"]
[EventRounds "7"]
[EventCountry "GER"]
[SourceTitle "EXT 2014"]
[Source "ChessBase"]
[SourceDate "2013.11.20"]
[SourceVersion "1"]
[SourceVersionDate "2013.11.20"]
[SourceQuality "1"]
[WhiteTeam "Neumarkt"]
[BlackTeam "Hamburger SK"]
[WhiteTeamCountry "GER"]
[BlackTeamCountry "GER"]

1. e4 e5 2. Nf3 Nc6 3. Nc3 Nf6 4. Bc4 Bb4 5. d3 Bxc3+ 6. bxc3 0-0 7. Bg5 d6 8. 0-0 Be6 9. Bb3 Na5 10. Qd2 h6 11. Be3 b6 12. Qe2 Rb8 13. d4 c5 14. Rab1 b5 15. dxc5 Bc4 16. Bxc4 Nxc4 17. Rfd1 Nxe4 18. Qd3 dxc5 19. Qxe4 Qe7 20. Qg4 Nxe3 21. fxe3 e4 22. Nh4 g5 23. Nf5 Qe6 24. Rd6 Qxa2 25. Rf1 Rbd8 26. Rxh6 f6 27. Qh5 Rf7 28. Qg6+ Kf8 29. Rh8# 1-0

[Event "GER-chT U14 Girls"]
[Site "Magdeburg"]
[Date "2012.12.28"]
[Round "4.4"]
[White "Held, Fabienne"]
[Black "Atabay, Hatun"]
[Result "0-1"]
[WhiteElo "766"]
[BlackElo "1116"]
[PlyCount "96"]
[EventDate "2012.12.27"]
[EventType "team-swiss"]
[EventRounds "7"]
[EventCountry "GER"]
[SourceTitle "EXT 2014"]
[Source "ChessBase"]
[SourceDate "2013.11.20"]
[SourceVersion "1"]
[SourceVersionDate "2013.11.20"]
[SourceQuality "1"]
[WhiteTeam "Neumarkt"]
[BlackTeam "Freiburg Zaehringen"]
[WhiteTeamCountry "GER"]
[BlackTeamCountry "GER"]

1. e4 e5 2. Nf3 Nc6 3. Nc3 Nf6 4. Bb5 Bc5 5. d3 a6 6. Bc4 d6 7. Ng5 0-0 8. 0-0 h6 9. Nf3 Bg4 10. h3 Bh5 11. Bd2 Nd4 12. Nd5 Bxf3 13. gxf3 c6 14. Nc3 d5 15. Bb3 Qd7 16. Be3 Qxh3 17. Bxd4 exd4 18. Ne2 Bd6 19. f4 Nh5 20. e5 Bc7 21. c4 Qg4+ 22. Ng3 Qxd1 23. Raxd1 Nxf4 24. Rfe1 Rfe8 25. cxd5 cxd5 26. Ba4 b5 27. Bb3 Ba5 28. Rf1 Rxe5 29. Bc2 Rc8 30. Bb3 Rg5 31. Rc1 Ne2+ 32. Kh2 Nxc1 33. Rg1 Nxd3 34. Kg2 Re8 35. Rf1 Bc7 36. Bc2 Re2 37. Bxd3 Rxg3+ 38. Kh2 Rxd3+ 39. Kg1 Rxb2 40. Re1 Rdd2 41. Re8+ Kh7 42. Re1 Rxf2 43. a4 Bg3 44. Rd1 bxa4 45. Rc1 a3 46. Rd1 a2 47. Rc1 Rb1 48. Rxb1 axb1R# 0-1

[Event "GER-chT U14 Girls"]
[Site "Magdeburg"]
[Date "2012.12.27"]
[Round "1.4"]
[White "Janke, Luisa"]
[Black "Held, Fabienne"]
[Result "1-0"]
[WhiteElo "1200"]
[BlackElo "766"]
[PlyCount "95"]
[EventDate "2012.12.27"]
[EventType "team-swiss"]
[EventRounds "7"]
[EventCountry "GER"]
[SourceTitle "EXT 2014"]
[Source "ChessBase"]
[SourceDate "2013.11.20"]
[SourceVersion "1"]
[SourceVersionDate "2013.11.20"]
[SourceQuality "1"]
[WhiteTeam "Harksheide"]
[BlackTeam "Neumarkt"]
[WhiteTeamCountry "GER"]
[BlackTeamCountry "GER"]

1. d4 d5 2. Nf3 Nc6 3. c3 Nf6 4. Bg5 e6 5. Nbd2 Be7 6. e3 Bd7 7. Qb3 b6 8. Bd3 0-0 9. 0-0 Rb8 10. Qc2 h6 11. Bf4 Bd6 12. Bxd6 cxd6 13. h3 e5 14. e4 dxe4 15. Nxe4 Nxe4 16. Bxe4 g6 17. dxe5 dxe5 18. Rad1 Qe7 19. Rd2 Rbd8 20. Qd3 Na5 21. b4 Nc6 22. Qe3 Qf6 23. Qxh6 Qg7 24. Qe3 Ne7 25. Rfd1 Nf5 26. Bxf5 gxf5 27. Rxd7 Rxd7 28. Rxd7 Kh8 29. Qxe5 Qxe5 30. Nxe5 f6 31. Ng6+ Kg8 32. Nxf8 Kxf8 33. Rxa7 f4 34. Ra6 f5 35. Rxb6 Ke7 36. a4 f3 37. g3 Kd7 38. h4 f4 39. gxf4 Ke7 40. a5 Kd7 41. h5 Ke7 42. a6 Kd7 43. h6 Ke7 44. h7 Kd7 45. h8Q Kc7 46. Rg6 Kd7 47. Qh7+ Ke8 48. Rg8# 1-0